000 02693nam a2200481 a 4500
001 000103083
003 CHAP
005 20240830140000.0
007 cr ||||||a|c|a
008 101025s2010 mx r 00010 spa d
035 _a111204
040 _cCHAP
090 _aTesis
100 1 _aFlores Guevara, Adriana
_941574
245 1 0 _aForraje verde hidropónico en la alimentación animal :
_buna revisión /
_c/por Adriana Flores Guevara; director Domingo Montalvo Hernández
264 1 _aChapingo, Méx. :
_bEl autor,
_c2010.
300 _a1 recurso en línea (64 páginas):
_bCuadros, figuras
336 _2rdacontent
_atexto
_btxt
337 _2rdamedia
_acomputadora
_bc
338 _2rdacarrier
_arecursos en linea
_bcr
502 _bIAEZ
_cZootecnía
_d2010.
_gLIC
520 _aUn problema común en México es la escasa o nula disponibilidad de forraje fresco en la temporada de sequía, particularmente en la zona norte donde el factor crítico para una producción continua de forraje, es la cantidad y distribución de las lluvias. En la parte centro y sur de México la situación no es diferente, aunque son áreas más productivas, prevalece la escasez de forraje en la temporada crítica de sequía. Una alternativa para suministrar forraje verde en la época de sequía es producir Forraje Verde Hidropónico (FVH). Para determinar la conveniencia de ésta técnica, se recopilaron previos reportes publicados y se documentó experiencia de productores que producen actualmente FVH, y lo utilizan para alimentar a su ganado. En base a lo anterior se determinó que el FVH es beneficioso como alimento para el ganado. Los costos de producción son bajos pues se reporta un. costo de producción de $0.53 M.N. por kg con un contenido de 15 a 20 % de MS y una alta calidad nutricional
590 _aALEPH
_b10
_c20130110
590 _aBATCH-UPD
_b10
_c20130110
590 _aBATCH-UPD
_b10
_c20130410
590 _aBATCH-UPD
_b10
_c20130914
590 _aBATCH-UPD
_b10
_c20140324
590 _aBATCH-UPD
_b10
_c20141002
590 _aCONVERSION
_b10
_c20130109
590 _aE11695DGD
_b10
_c20160506
650 1 4 _aAlimentos y alimentacion del ganado.
_94326
650 1 4 _aForrajes.
650 1 4 _aHidroponía.
_955280
650 1 4 _aSequías.
_9104511
700 0 _aMontalvo Hernández, Domingo
_977714
_eDirector
856 _uhttp://10.13.5.2/tesis/111204.pdf
_zDESCARGAR PDF
901 _aBK
942 _cTD
_2Clasificación Universidad Autónoma Chapingo
949 _aTesis
_bBC
_cTES
_d33724002213751
_eTS1
_gDonaciØn
_h51197
_i111204
_sb
949 _aTesis
_bBC
_cTES
_d33724002213769
_eTS2
_fc.2
_gDonaciØn
_h51198
_i111204
_sb
999 _c99546
_d99546